000 00498cam a22002051 4500
001 sa 67001277
003 DLC
005 20260227112321.0
008 881028s1965 xx 000 0 beno
010 _asa 67001277
035 _a(OCoLC)23568004
040 _aDLC
_cMiU
_dDLC
042 _apremarc
050 0 0 _aPK1718.S28
_bP3
100 1 _aSanyal, Diptendrakumar,
_d1924-1966.
245 1 0 _aPāgala bhāla karo mā.
260 _c[1965]
300 _a108 p.
_c23 cm.
500 _aRomanized.
999 _c72506
_d72506